Megnyílt a felújult lövölde június 4-én megrendezik az első lövészversenyt az alapiskolák számára

Bibliographic Details
Main Author: (száz) (Author)
Format: Article
Language:Hungarian
PhysicalDescription:Fotogr.
ISSN:1335-7050
Subjects:

MARC

LEADER 00000nab a2200000 a 4500
001 vtls009295761
003 SK-MaSNL
005 20260319070827.0
008 080520|20080517xo || || |00 | hun
038 |a NZKAB 
040 |a NZKAB  |b slo  |c NZKAB  |e AACR2 
041 0 |a hun 
044 |a xo  |c SK 
080 |a 623.59  |2 2001 
080 |a 373.5  |x (437.614)  |2 2001 
100 1 |a (száz)  |4 aut  |9 889227 
245 1 0 |a Megnyílt a felújult lövölde  |b június 4-én megrendezik az első lövészversenyt az alapiskolák számára  |c [szerző] (száz) 
300 |b Fotogr. 
610 2 7 |a Stredné odborné učilište stavebné (Nové Zámky, Slovensko)  |2 nzkab  |9 1041396 
648 7 |a 2008  |2 nzkab  |9 317238 
650 0 7 |a strelnice  |2 nzkab  |9 29924 
650 0 7 |a stredné odborné školy  |2 nzkab  |9 67892 
651 7 |a Nové Zámky (Slovensko)  |2 nzkab  |9 15884 
773 0 |t Új Szó  |g Évf. 61, sz. 115 (19.5.2008), o. 3  |x 1335-7050 
852 |a NZKAB  |b KIS3GCP 
958 |a RG 
999 |c 1722744  |d 1724674